| 000 | 00765nam a2200229 u 4500 | ||
|---|---|---|---|
| 005 | 20230527063734.0 | ||
| 008 | 170307s2008 r 000 0 eng d | ||
| 020 | _a9789689432357 | ||
| 035 | _aUPN01000216570 | ||
| 049 | _aCG | ||
| 050 | 4 |
_aLB1050.34 _bC5.3 |
|
| 100 | 1 |
_aCirianni, Gerardo _940272 |
|
| 245 | 1 | 0 |
_aEscuchar para comprender : _btextos, lectores y lecturas / _cGerardo Cirianni. |
| 260 |
_aMéxico : _bRíos de Tinta : _bContenidos Estudiantiles Mexicanos, _c2008. |
||
| 300 | _a88 p. | ||
| 440 | 0 | _aPara comprender la lectura | |
| 650 | 4 |
_aLECTURA - _xMETODO FONETICO _925766 |
|
| 650 | 4 |
_aCOMUNICACION ORAL - _xESTUDIO Y ENSEÑANZA _96702 |
|
| 650 | 4 |
_aComprensión lectora _xEstudio y enseñanza _99700 |
|
| 905 | _aLibro | ||
| 999 |
_c188670 _d188670 |
||